| 000 | 01012nam a2200325 a 4500 | ||
|---|---|---|---|
| 999 |
_c2806 _d2806 |
||
| 006 | m |o go|ad | ||
| 007 | cr ||||||||||| | ||
| 008 | 031216s2004 enkab ob 001 0 eng d | ||
| 020 | _a9780429233555 (ebk) | ||
| 040 |
_aKO _beng |
||
| 041 | 0 | _aeng | |
| 044 | _aenk | ||
| 082 | 0 | 0 |
_a387.1 _223 |
| 245 | 0 | 0 |
_aShipping and ports in the twenty-first century : _bglobalization, technological change and the environment / _cedited by David Pinder and Brian Slack. |
| 264 |
_aLondon : _aNew York : _bRoutledge, _c2004. |
||
| 300 | _a1 online resource. | ||
| 490 | 0 |
_aOcean management and policy series ; _v6 |
|
| 504 | _aIncludes bibliographical references and index. | ||
| 650 | 0 | _aShipping. | |
| 650 | 0 | _aHarbors. | |
| 650 | 0 | _aGlobalization. | |
| 650 | 0 | _aTechnological innovations. | |
| 700 | 1 |
_aPinder, David, _d1944- _eedt |
|
| 700 | 1 |
_aSlack, Brian. _eedt |
|
| 856 | 4 | 0 | _uhttp://www.taylorfrancis.com/books/9780429233555 |
| 904 | _aRUDRA_R | ||
| 905 | _aR_RANJAN | ||
| 942 | _cEB | ||